LEADER 03805nam 22007574a 450 001 9910454560703321 005 20200520144314.0 010 $a1-280-20802-3 010 $a9786610208029 010 $a0-306-47320-8 024 7 $a10.1007/b117692 035 $a(CKB)111056486606606 035 $a(EBL)3035431 035 $a(SSID)ssj0000237902 035 $a(PQKBManifestationID)11173684 035 $a(PQKBTitleCode)TC0000237902 035 $a(PQKBWorkID)10211100 035 $a(PQKB)10352275 035 $a(DE-He213)978-0-306-47320-3 035 $a(MiAaPQ)EBC3035431 035 $a(MiAaPQ)EBC197173 035 $a(PPN)237932342 035 $a(Au-PeEL)EBL3035431 035 $a(CaPaEBR)ebr10047425 035 $a(CaONFJC)MIL20802 035 $a(OCoLC)50175000 035 $a(Au-PeEL)EBL197173 035 $a(EXLCZ)99111056486606606 100 $a20011120d2002 uy 0 101 0 $aeng 135 $aur|n|---||||| 181 $ctxt 182 $cc 183 $acr 200 10$aRF CMOS power amplifiers$b[electronic resource] $etheory, design, and implementation /$fMona Mostafa Hella, Mohammed Ismail 205 $a1st ed. 2002. 210 $aBoston $cKluwer Academic Publishers$dc2002 215 $a1 online resource (111 p.) 225 1 $aThe Kluwer international series in engineering and computer science ;$vSECS 659 300 $aDescription based upon print version of record. 311 $a0-7923-7628-5 320 $aIncludes bibliographical references (p. [89]-92) and index. 327 $aPower Amplifier; Concepts and Challenges -- A 900MHz Class E CMOS PA -- A CMOS PA for Bluetooth -- A Complete Bluetooth PA Solution -- Conclusion. 330 $aRF CMOS Power Amplifiers: Theory Design and Implementation focuses on the design procedure and the testing issues of CMOS RF power amplifiers. This is the first monograph addressing RF CMOS power amplifier design for emerging wireless standards. The focus on power amplifiers for short is distance wireless personal and local area networks (PAN and LAN), however the design techniques are also applicable to emerging wide area networks (WAN) infrastructure using micro or pico cell networks. The book discusses CMOS power amplifier design principles and theory and describes the architectures and tardeoffs in designing linear and nonlinear power amplifiers. It then details design examples of RF CMOS power amplifiers for short distance wireless applications (e, g., Bluetooth, WLAN) including designs for multi-standard platforms. Design aspects of RF circuits in deep submicron CMOS are also discussed. RF CMOS Power Amplifiers: Theory Design and Implementation serves as a reference for RF IC design engineers and RD and R&D managers in industry, and for graduate students conducting research in wireless semiconductor IC design in general and with CMOS technology in particular. 410 0$aKluwer international series in engineering and computer science ;$vSECS 659. 606 $aAmplifiers, Radio frequency 606 $aPower amplifiers 606 $aMetal oxide semiconductors, Complementary 606 $aVery high speed integrated circuits 606 $aRadio frequency integrated circuits 608 $aElectronic books. 615 0$aAmplifiers, Radio frequency. 615 0$aPower amplifiers. 615 0$aMetal oxide semiconductors, Complementary. 615 0$aVery high speed integrated circuits. 615 0$aRadio frequency integrated circuits. 676 $a621.384/12 700 $aHella$b Mona Mostafa$0846528 701 $aIsmail$b Mohammed$0541917 801 0$bMiAaPQ 801 1$bMiAaPQ 801 2$bMiAaPQ 906 $aBOOK 912 $a9910454560703321 996 $aRF CMOS power amplifiers$91891373 997 $aUNINA LEADER 04159nam 2200985 a 450 001 9910778861003321 005 20210624012553.0 010 $a1-283-29171-1 010 $a9786613291714 010 $a0-520-92422-3 010 $a0-585-09318-0 024 7 $a10.1525/9780520924222 035 $a(CKB)111004366720658 035 $a(EBL)224311 035 $a(OCoLC)42856522 035 $a(SSID)ssj0000141834 035 $a(PQKBManifestationID)11136941 035 $a(PQKBTitleCode)TC0000141834 035 $a(PQKBWorkID)10091419 035 $a(PQKB)10923129 035 $a(MiAaPQ)EBC224311 035 $a(DE-B1597)518862 035 $a(DE-B1597)9780520924222 035 $a(Au-PeEL)EBL224311 035 $a(CaPaEBR)ebr10504620 035 $a(CaONFJC)MIL329171 035 $a(dli)HEB31533 035 $a(MiU)MIU01000000000000012918696 035 $a(EXLCZ)99111004366720658 100 $a19970902d1998 uy 0 101 0 $aeng 135 $aur||#|||||||| 181 $ctxt 182 $cc 183 $acr 200 10$aDurable inequality$b[electronic resource] /$fCharles Tilly 210 $aBerkeley $cUniversity of California Press$dc1998 215 $a1 online resource (312 p.) 300 $aDescription based upon print version of record. 311 0 $a0-520-22170-2 311 0 $a0-520-21171-5 320 $aIncludes bibliographical references (p. 247-290) and index. 327 $tFront matter --$tContents --$tAcknowledgments --$t1. Of Essences and Bonds --$t2. From Transactions to Structures --$t3. How Categories Work --$t4. Modes of Exploitation --$t6. How To Hoard Opportunities --$t6. Emulation, Adaptation, and Inequality --$t7. The Politics of Inequality --$t8. Future Inequalities --$tReferences --$tIndex 330 $aCharles Tilly, in this eloquent manifesto, presents a powerful new approach to the study of persistent social inequality. How, he asks, do long-lasting, systematic inequalities in life chances arise, and how do they come to distinguish members of different socially defined categories of persons? Exploring representative paired and unequal categories, such as male/female, black/white, and citizen/noncitizen, Tilly argues that the basic causes of these and similar inequalities greatly resemble one another. In contrast to contemporary analyses that explain inequality case by case, this account is one of process. Categorical distinctions arise, Tilly says, because they offer a solution to pressing organizational problems. Whatever the "organization" is-as small as a household or as large as a government-the resulting relationship of inequality persists because parties on both sides of the categorical divide come to depend on that solution, despite its drawbacks. Tilly illustrates the social mechanisms that create and maintain paired and unequal categories with a rich variety of cases, mapping out fertile territories for future relational study of durable inequality. 606 $aIncome distribution 606 $aEquality 610 $aadaptation. 610 $aanalysis. 610 $abinary. 610 $acapitalism. 610 $acategorical pairs. 610 $acategories. 610 $acontemporary. 610 $acultural history. 610 $acultural studies. 610 $adualism. 610 $aequality. 610 $aexploitation. 610 $afeminism. 610 $afeminist. 610 $agovernment. 610 $ainequality. 610 $amanifesto. 610 $anationalism. 610 $aphilosophy. 610 $apolitical. 610 $apolitics. 610 $arepresentation. 610 $asocial history. 610 $asocial inequality. 610 $asocial justice. 610 $asocial studies. 610 $asystemic inequality. 610 $asystemic racism. 615 0$aIncome distribution. 615 0$aEquality. 676 $a339.2 700 $aTilly$b Charles$0122934 801 0$bMiAaPQ 801 1$bMiAaPQ 801 2$bMiAaPQ 906 $aBOOK 912 $a9910778861003321 996 $aDurable inequality$92371729 997 $aUNINA